Wales Euro 2016 Squad - Statistics

General Stats
  • This quiz has been taken 3 times
  • The average score is 17 of 23
Answer Stats
Hint Answer % Correct
DF A Williams
100%
FW Bale
100%
GK Fon-Williams
100%
FW G Williams
100%
GK Hennessey
100%
MF J Williams
100%
MF Allen
67%
DF Chester
67%
FW Church
67%
DF Collins
67%
DF Davies
67%
MF Edwards
67%
DF Gunter
67%
MF Ledley
67%
MF Ramsey
67%
DF Richards
67%
FW Robson-Kanu
67%
DF Taylor
67%
MF Vaughan
67%
FW Vokes
67%
GK Ward
67%
FW Cotterill
33%
MF King
33%
No matching quizzes found
Score Distribution
Percent of People with Each Score
Percentile by Number Answered
Your Score History
You have not taken this quiz